|
|
|
|
| LEADER |
01590cas a2200241 a 4500 |
| 001 |
AALejournalIMF009764 |
| 008 |
230101c9999 xx r poo 0 0eng d |
| 020 |
|
|
|c 5.00 USD
|
| 020 |
|
|
|z 9781451806670
|
| 022 |
|
|
|a 1934-7685
|
| 040 |
|
|
|a BD-DhAAL
|c BD-DhAAL
|
| 110 |
2 |
|
|a International Monetary Fund.
|
| 245 |
1 |
0 |
|a Central African Republic :
|b Statistical Appendix.
|
| 264 |
|
1 |
|a Washington, D.C. :
|b International Monetary Fund,
|c 2008.
|
| 300 |
|
|
|a 1 online resource (45 pages)
|
| 490 |
1 |
|
|a IMF Staff Country Reports
|
| 500 |
|
|
|a <strong>Off-Campus Access:</strong> No User ID or Password Required
|
| 500 |
|
|
|a <strong>On-Campus Access:</strong> No User ID or Password Required
|
| 506 |
|
|
|a Electronic access restricted to authorized BRAC University faculty, staff and students
|
| 520 |
3 |
|
|a The report discusses the IMF staff's estimates and projections of the Central African Republic's Central Government Operations, 2002-06; summary of tax systems, 2007; export import indices and terms of trade 2002-06; balance of payments, 2002-06; monetary survey, 2002-06; interest rate structure, 2002-06; sectoral composition of the public investment program, 2002-06; GDP at current prices as well as at previous year's prices, 2002-06, GDP, real growth rates; supply and use of resources at current prices; central bank accounts, 2002-06, et cetera.
|
| 538 |
|
|
|a Mode of access: Internet
|
| 830 |
|
0 |
|a IMF Staff Country Reports; Country Report ;
|v No. 2008/013
|
| 856 |
4 |
0 |
|z Full text available on IMF
|u http://elibrary.imf.org/view/journals/002/2008/013/002.2008.issue-013-en.xml
|z IMF e-Library
|